000 01030nam a2200229Ia 4500
003 GCL
008 140319s9999 xx 000 0 ara d
040 _aGCL /
_cGCL
082 0 4 _a922.1
_bع ا
100 1 _aابن عبدالبر القرطبى : جمال الدين ابوعمر يوسف بن عبدالله بن محمد بن عبدالبر بن عاصم النمرى المالكى
245 1 0 _aالاستيعاب فى معرفة الأصحاب /
_cابن عبدالبر القرطبى : جمال الدين ابوعمر يوسف بن عبدالله بن محمد بن عبدالبر بن عاصم النمرى المالكى
700 1 _aعلى محمد البجاوى
260 _aالقاهرة :
_bدار نهضة مصر للطبع والنشر
300 _a4 مج ؛
_c24 سم
490 _a
650 0 4 _aالتراجم
650 0 4 _aالصحابة
650 0 4 _aالاسلام - تراجم
650 0 4 _aالانساب
650 0 4 _aالصحابة والتابعون - تراجم
942 _2ddc
_cBK
999 _c58791
_d58791